Mechatronics : Electronic Control Systems in Mechanical and Electrical Engineering

Saved in:
Bibliographic Details
Main Author: Bolton, William (Author)
Format: Book
Language:English
Published: Harlow : Prentice Hall, 2003
Edition:3.Ed.
Subjects:
Tags: Add Tag
No Tags, Be the first to tag this record!

MARC

LEADER 00000nam a22000003a 4500
001 stu91813
005 20150617225625.2
008 041125s2003----uk------------------eng-d
020 |a 0-13-121633-3 
040 |a STU  |b slo 
041 0 |a eng 
044 |a uk 
080 |a 531/534  |7 stu_us_auth*stu7969 
080 |a 681.515.8  |7 stu_us_auth*stu8455 
100 1 |a Bolton, William  |4 aut 
245 1 |a Mechatronics :  |b Electronic Control Systems in Mechanical and Electrical Engineering 
250 |a 3.Ed. 
260 |a Harlow :  |b Prentice Hall,  |c 2003 
300 |a 574 s 
650 7 |a mechatronika  |2 stusub 
996 |b 284EK85453  |c E*85453  |l EE30  |s P  |a 0  |w stu91813_0001